00489nam a2200145Ia 4500008004100000041000800041082001700049100001800066245004400084260003800128300003100166365000900197999001500206952012200221240624s9999 xx 000 0 und d aeng a658.8102 AND aANDERSON ERIN aOUTSOURCING THE SALES FUNCTION THE REAL c2005aSingaporebThomson Learning axxi, : 256 : p. : cm. ; 22 cb25 c4230d4230 00104070aIMTNbIMTNcRack 36-Ad2006-12-13eAPg41.97o658.8102 ANDp4230r2024-06-24 00:00:00t48w2024-06-24yBK